000
00279nam a22001217a 4500
008
170411b xxu||||| |||| 00| 0 eng d
041
_a
eng
080
_2
7 ED
_a
61/8
100
_a
10
101
_a
SHM
245
_a
AVERY DISEASES OF THE NEWBORN
_c
TAEUSCH.H.W
942
_2
udc
_c
BK
999
_c
10427
_d
10427